Improving the status of women: a faculty perspective /
sin resumen
Gardado en:
| Autor Principal: | |
|---|---|
| Formato: | Texto |
| Materias: | |
| Etiquetas: |
Engadir etiqueta
Sen Etiquetas, Sexa o primeiro en etiquetar este rexistro!
|
MARC
| LEADER | 00000 a a2200000 04500 | ||
|---|---|---|---|
| 001 | 18808 | ||
| 003 | |||
| 040 | |||
| 100 | |a Benjamin, Ernest | ||
| 245 | |a Improving the status of women: |b a faculty perspective / |c Ernest Benjamin | ||
| 520 | |a sin resumen | ||
| 650 | |a MUJERES | ||
| 650 | |a STATUS DE LA MUJER | ||
| 650 | |a EDUCACION DE LA MUJER | ||
| 650 | |a DERECHOS DE LA MUJER | ||
| 773 | |g volumen 12, número 3; páginas 119-136 | ||
| 999 | |c 33096 |d 33096 | ||
| 773 | 0 | |0 43513 |9 5057 |a Fondo Editorial para el Desarrollo de la Educación Superior |d Caracas, Venezuela |o MFN: 1449 |t Universitas 2000 / | |
